| 000 | 00958nam a22002657a 4500 | ||
|---|---|---|---|
| 999 |
_c14199 _d14199 |
||
| 003 | EG-ScBUE | ||
| 005 | 20210214100049.0 | ||
| 008 | 100623s1967 ua f 000 1 ara d | ||
| 040 |
_aEG-ScBUE _bara _erda _cEG-ScBUE _dEG-ScBUE |
||
| 082 | 0 | 4 |
_a892.736 _bص ا و _222 |
| 100 | 1 |
_915157 _aالصاوي، عبد المنعم، _eمؤلف. |
|
| 245 | 1 | 0 |
_aمامادا / _cعبد المنعم الصاوي. |
| 264 | 1 |
_aالقاهرة : _bدار الكاتب العربي للطباعة والنشر، _c1967. |
|
| 300 |
_a344 صفحة ؛ _c24 سم |
||
| 336 |
_2rdacontent _aنص _btxt |
||
| 337 |
_2rdamedia _aبدون وسيط _bn |
||
| 338 |
_2rdacarrier _aمجلد _bnc |
||
| 490 | 0 |
_aالمكتبة العربية. _aالتأليف ؛ _v41 |
|
| 490 |
_a ؛الأدب _v35 |
||
| 650 | 7 |
_911246 _aالقصص العربية _zمصر _yقرن 20. _2BUEsh |
|
| 651 | _2BUEsh | ||
| 653 |
_bARALIT _cFebruary2021 |
||
| 655 |
_vReading book _934232 |
||
| 942 |
_2ddc _cBB |
||